El medio ambiente, su influencia en la contabilidad y en la empresa (Registro nro. 16869)

Detalles MARC
000 -LEADER
fixed length control field 00415 a2200121 4500
001 - CONTROL NUMBER
control field ART_7490
005 - DATE AND TIME OF LATEST TRANSACTION
control field 20260410161720.0
008 - FIXED-LENGTH DATA ELEMENTS--GENERAL INFORMATION
fixed length control field 260409a
100 1# - MAIN ENTRY--PERSONAL NAME
Personal name Fronti de García, Luisa
245 10 - TITLE STATEMENT
Title El medio ambiente, su influencia en la contabilidad y en la empresa
700 1# - ADDED ENTRY--PERSONAL NAME
Personal name Pahlen Acuña, Ricardo Jose María
773 0# - HOST ITEM ENTRY
Title Contabilidad y auditoría
Related parts - Año 8, Nº 16 (dic. 2002)
Record control number REV1723

No hay ítems disponibles.